| 000 | 01736nam2a22002651 4500 | ||
|---|---|---|---|
| 001 | RU\NLR\IC12\5000103086 | ||
| 005 | 20250617143151.0 | ||
| 035 | _a(NLR Aleph) 002710502 | ||
| 090 |
_a4402587 _c4402587 |
||
| 100 | _a20050324d1926 |||y0rusy50 ca | ||
| 101 | 0 | _arus | |
| 102 | _aRU | ||
| 105 | _ay ||||000|y | ||
| 200 | 0 | _aТ.15, Вып.36 | |
| 210 |
_d1926 _aБ. м. |
||
| 225 | 1 |
_aТруды _vТ.15, Вып.36 _i... _v№36 |
|
| 461 | 0 |
_1001RU\NLR\INFOCOMM19\5000009290 _12001#$aТруды Центрального статистического управления$fСССР$vТ.15, Вып.36 _94547536 _aСССР. Центральное статистическое управление _cМ. _d1920-1928 _fСССР _tТруды Центрального статистического управления _vТ.15, Вып.36 |
|
| 462 | 0 |
_1001RU\NLR\IC12\5000103050 _12001#$aДвижение цен$eДвухнедельное изд. Отд. конъюнктуры обмена, посвящ. материалам методологии и анализу индексов и цен$fЦСУ СССР. Сектор статистики обмена - ОКО$v№36 _94402267 _cМ. _d1923-1927 _fЦСУ СССР. Сектор статистики обмена - ОКО _oДвухнедельное изд. Отд. конъюнктуры обмена, посвящ. материалам методологии и анализу индексов и цен _tТруды Центрального статистического управления. - Движение цен _v№36 |
|
| 801 | 1 |
_aRU _bInfoComm _c20050324 |
|
| 801 | 0 |
_aRU _bNLR _gPSBO |
|
| 852 |
_aNLR _jП23/1972 |
||
| 942 | _cISSUE | ||
| 980 | _aNB | ||
| 980 | _aRUSPER | ||